Tribhuvan University Central Library

The English vowel: Developments in criticism since Hensig James (Record no. 12499)

MARC details
000 -LEADER
fixed length control field 006720000a22002770004500
082 ## - DEWEY DECIMAL CLASSIFICATION NUMBER
Classification number 823.09
Item number H337e
020 ## - INTERNATIONAL STANDARD BOOK NUMBER
International Standard Book Number 0-333-21473-0
041 ## - LANGUAGE CODE
Language code of text/sound track or separate title Eng
100 ## - MAIN ENTRY--PERSONAL NAME
Personal name Hazele, Stephen
245 ## - TITLE STATEMENT
Title The English vowel: Developments in criticism since Hensig James
260 ## - PUBLICATION, DISTRIBUTION, ETC. (IMPRINT)
Place of publication, distribution, etc London
Name of publisher, distributor, etc Macmillan Press, Great Britain
260 ## - PUBLICATION, DISTRIBUTION, ETC. (IMPRINT)
Date of publication, distribution, etc 1978
300 ## - PHYSICAL DESCRIPTION
Extent 239p.
365 ## - TRADE PRICE
Price type code SP. 4.50
440 ## - SERIES STATEMENT/ADDED ENTRY--TITLE
Title Casebook Series
500 ## - GENERAL NOTE
General note Bibliography: p.234
518 ## - DATE/TIME AND PLACE OF AN EVENT NOTE
Date/time and place of an event note 971130
530 ## - ADDITIONAL PHYSICAL FORM AVAILABLE NOTE
Additional physical form available note M
650 ## - SUBJECT ADDED ENTRY--TOPICAL TERM
Topical term or geographic name as entry element Literature
650 ## - SUBJECT ADDED ENTRY--TOPICAL TERM
Topical term or geographic name as entry element Literary criticism
650 ## - SUBJECT ADDED ENTRY--TOPICAL TERM
Topical term or geographic name as entry element Novels
650 ## - SUBJECT ADDED ENTRY--TOPICAL TERM
Topical term or geographic name as entry element Literary history
650 ## - SUBJECT ADDED ENTRY--TOPICAL TERM
Topical term or geographic name as entry element Literary style
650 ## - SUBJECT ADDED ENTRY--TOPICAL TERM
Topical term or geographic name as entry element English
942 ## - ADDED ENTRY ELEMENTS (KOHA)
Koha item type General Collections
Holdings
Withdrawn status Lost status Damaged status Not for loan Home library Current library Date acquired Total Checkouts Barcode Date last seen Price effective from
        Tribhuvan University Central Library Tribhuvan University Central Library 06/20/2010   111709 06/20/2010 06/20/2010
        Tribhuvan University Central Library Tribhuvan University Central Library 06/20/2010   115145 06/20/2010 06/20/2010